000 00191nam a22000857a 4500
008 161125b xxu||||| |||| 00| 0 eng d
100 _91428
_aRoddy.H.
245 _aMath-4
260 _aUSA
_bTCR
_c2003
999 _c4147
_d4147